000
00279nam a2200121Ia 4500
008
230312s9999||||xx |||||||||||||| ||und||
082
_a
612
_b
NOR-I
100
_a
Norton;Peter
245
0
_a
Introduction to Computer
300
_a
628
650
_a
Computer
_v
Comouter
942
_c
BK
999
_c
10791
_d
10791